书目信息 |
| 题名: |
八大山人花卉图卷
|
|
| 作者: | 朱耷 绘 | |
| 分册: | ||
| 出版信息: | 北京 人民美术出版社 1989 |
|
| 页数: | 1轴 | |
| 开本: | 26cm | |
| 丛书名: | ||
| 单 册: | ||
| 中图分类: | J222.49 | |
| 科图分类: | ||
| 主题词: | 绘画--中国 | |
| 电子资源: | ||
| ISBN: | 7-102-00723-X | |
| 000 | 00543nam0 2200193 45 | |
| 001 | 0402261963 | |
| 005 | 20040226194431.1 | |
| 010 | @a7-102-00723-X@dCNY100.00 | |
| 100 | @a20040226d1989 km y0chiy0120 ea | |
| 101 | 0 | @achi |
| 105 | @a z 000yy | |
| 200 | 1 | @a八大山人花卉图卷@ABa Da Shan Ren Hua Hui Tu Juan@f(清)朱耷绘@F(Qing)Zhu Da Hui |
| 210 | @a北京@c人民美术出版社@d1989 | |
| 215 | @a1轴@d26cm | |
| 606 | 0 | @a绘画@x中国 |
| 690 | @aJ222.49@v3 | |
| 701 | 0 | @a朱耷@4绘 |
| 801 | @aCN@bPftUser@c20040226 | |
| 905 | @f1@b262471@dJ222.49@e109 | |
| 八大山人花卉图卷/(清)朱耷绘.-北京:人民美术出版社,1989 |
| 1轴;26cm |
| ISBN 7-102-00723-X:CNY100.00 |
| ● |
| 相关链接 |
|
|
|
|
正题名:八大山人花卉图卷
索取号:J222.49/109
 
预约/预借
| 序号 | 登录号 | 条形码 | 馆藏地/架位号 | 状态 | 备注 |
| 1 | 0262471 | 001899011 | 古籍典藏专区/ [索取号:J222.49/109] | 在馆 |